000 00253nam a2200109Ia 4500
008 190216s9999||||xx |||||||||||||| ||und||
100 _aIgor Blishchenko
245 0 _aInternational Humanitarial Law
260 _bNull
_c1989
300 _a320p
942 _cBK
999 _c5457
_d5457